000 00663nam a2200277Ia 4500
005 20260121125530.0
008 008 260114s9999 xx 000 0 eng d
020 _a9781447335603
037 _aEBOOK
040 _aCRL
040 _beng
040 _cCRL
041 _2eng
041 _aeng
084 _qCRL
100 _aCummins, Ian
_9994546
245 0 _aMental Health Social Work Reimagined
260 _bWalter de Gruyter
260 _bWalter de Gruyter
260 _c2019
650 _aSocial Work
_9994547
856 _uhttp://www.degruyter.com/isbn/9781447335603
942 _cEBOOK
999 _c1562678
_d1562678